000
003200000a22001450004500
003
MACL
040
_a
MACL
090
_c
32391
_d
32389
100
_a
Punjabi, Ms Namrata
245
_a
5100 Objective type Chemistry
260
_b
IIms Publications
_c
2003
350
_a
250
650
_a
Chemistry
942
_c
BOOK
_k
540/pun
999
_c
32061
_d
32061